Bilecik Bilecik Bilecik Bilecik Bilecik

Kardiyovasküler hastalıklar el kitabı/ (Record no. 68892)

MARC details
000 -BAŞLIK
Sabit Uzunluktaki Kontrol Alanı 01228nam a22003737a 4500
001 - KONTROL NUMARASI
Control Dosyası 0068071
003 - KONTROL NUMARASI KİMLİĞİ
Kontrol Alanı KOHA_MİRAKIL
005 - EN SON İŞLEM TARİHİ ve ZAMANI
Kontrol Alanı 20260207004752.0
007 - FİZİKSEL TANIM SABİT ALAN - GENEL BİLGİ
Sabit uzunluklu kontrol alanı ta
008 - SABİT UZUNLUKTAKİ VERİ ÖGELERİ - GENEL BİLGİ
Sabit Alan 230201b2021 tu |||gr||||#||||0|tur |
020 ## - ISBN - ULUSLARARASI STANDART KİTAP NUMARASI
Isbn 9789752778559
040 ## - KATALOGLAMA KAYNAĞI
Özgün Kataloglama Kurumu TR-BiSEU
Kataloglama Dili tur
Çeviri Kurumu TR-BiSEU
Açıklama Kuralları rda
041 0# - DİL KODU
Metin ya da ses kaydının dil kodu tur
044 ## - YAYINLAYAN/ÜRETEN KURULUŞUN ÜLKE KODU
ISO country code tu
050 ## - SINIFLAMA ve YER NUMARASI
Sınıflama Numarası RC681
Yer Numarası .K37 2021
240 10 - TEK BİÇİM BAŞLIK
Language of a work Türkçe
245 0# - ESER ADI BİLDİRİMİ
Başlık Kardiyovasküler hastalıklar el kitabı/
Sorumluluk Bildirimi Editörler Brian P. Griffin, Venu Menon; çeviri editörü Ömer Kozan.
250 ## - BASIM BİLDİRİMİ
Basım Bildirimi 5. Baskı
264 #1 - ÜRERİM, YAYIN, DAĞITIM ve TELİF BİLDİRİMİ
Yayın yeri Ankara :
Yayınlayan Güneş Tıp Kitabevleri
Yayın tarihi 2021
300 ## - FİZİKSEL TANIMLAMA
Sayfa, Cilt vb. XXXVI, 1059 sayfa: resimli; 24 cm.
336 ## - İÇERİK TÜRÜ
Content type term metin
Content type code txt
Source rdacontent
337 ## - MEDYA TÜRÜ
Media type term aracısız
Media type code n
Source rdamedia
338 ## - TAŞIYICI TÜRÜ
Carrier type term cilt
Carrier type code nc
Source rdacarrier
500 ## - GENEL NOT
Genel Not Dizin var.
500 ## - GENEL NOT
Genel Not Kaynakça bölüm sonlarındadır.
500 ## - GENEL NOT
Genel Not Eserin özgün adı: Manual of cardiovascular medicine.
650 #0 - KONU BAŞLIĞI EK GİRİŞ - KONU TERİMİ
Konusal terim veya coğrafi ad Kardiovasküler sistem--Hastalıklar.
9 (RLIN) 130838
650 #0 - KONU BAŞLIĞI EK GİRİŞ - KONU TERİMİ
Konusal terim veya coğrafi ad Kardivasküler tıp.
9 (RLIN) 130839
650 #0 - KONU BAŞLIĞI EK GİRİŞ - KONU TERİMİ
Konusal terim veya coğrafi ad Kardiyovasküler hastalıklar.
9 (RLIN) 82800
650 #0 - KONU BAŞLIĞI EK GİRİŞ - KONU TERİMİ
Konusal terim veya coğrafi ad Kalp hastalıkları.
9 (RLIN) 129195
650 #0 - KONU BAŞLIĞI EK GİRİŞ - KONU TERİMİ
Konusal terim veya coğrafi ad Cardiovascular diseases.
9 (RLIN) 82801
650 #0 - KONU BAŞLIĞI EK GİRİŞ - KONU TERİMİ
Konusal terim veya coğrafi ad Cardivascular medicine.
9 (RLIN) 130840
942 ## - EK GİRİŞ ÖGELERİ (KOHA)
Source of classification or shelving scheme Library of Congress Classification
Koha item type Book
Holdings
Materyal Türü Kalıcı Konum Mevcut Konum Sınıflandırma Kaynağı Edinim Bilgisi Ana Konular Alt Konular Yer Numarası Demirbaş Numarası Fatura Tarihi Maliyet, Alış Fiyatı Maliyet, Yenileme Fiyatı Geri Çekilme Durumu Kayıp Durumu Hasarlı Durumu Kredi için değil Kayıt Tarih Toplam Ödünçverme Son Görülme Tarihi Son Kontrol Tarihi
Book BŞEÜ Tıp Fakültesi Kütüphanesi BŞEÜ Tıp Fakültesi Kütüphanesi Library of Congress Classification Satın TIP Dahiliye RC681 .K37 2021 0068071 02/02/2026 1012.00 1012.00       Ödünç verilmez 01/02/2023   06/03/2025 06/03/2025